Introduction to Computable General Equilibrium Models

Gespeichert in:
Bibliographische Detailangaben
1. Verfasser: Burfisher, Mary E.
Format: Buch
Sprache:Englisch
Veröffentlicht: New York Cambridge University Press 2011
Schlagworte:
Tags: Tag hinzufügen
Keine Tags, Fügen Sie das erste Tag hinzu!

MARC

LEADER 00000nam a2200000 4500
001 0169766
005 20250331150330.7
020 |a 978-1-139-04247-5 
020 |a 9780521766968 
020 |a 9780521139779 
041 0 |a eng 
044 |a US 
245 1 0 |a Introduction to Computable General Equilibrium Models  |c Mary E. Burfisher 
264 1 |a New York  |b Cambridge University Press  |c 2011 
300 |a 346 s. 
500 |a EBSCO e-books Economics Collection 2012 
610 2 0 |a modely rovnováhy 
610 2 0 |a modelovanie 
610 2 0 |a makroekonomika 
610 2 0 |a ponuka 
610 2 0 |a dopyt 
610 2 0 |a produkcia 
610 2 0 |a obchod 
610 2 0 |a dane 
100 1 |a Burfisher, Mary E.